000 01076nam a2200205Ia 4500
003 OSt
005 20241030082039.0
007 ca aa aaaaa
008 201103s9999 xx 000 0 und d
040 _cSSBUL
041 _abur
082 _223
_a၂၉၄.၃၀၉၂ လှ
_b၉၁၅၉ S-SAT
100 0 _aလှမောင်လတ်(သီပေါ ကိုလတ်)
_954880
245 1 0 _aဓမ္မဂုဏ်ရည်အမွေခံ အရှင်သုခမိန္ဒ(စဝ်ဆုခမ်း) သို့မဟုတ် အထနှေးပေမယ့် အပြေးသန်သူ /
_cလှမောင်လတ်(သီပေါကိုလတ်)။
260 _aရန်ကုန် ၊
_bဇွန်ပွင့်စာပေ၊
_c၂၀၀၆။
300 _a၉၃ စာမျက်နှာ ၊
_bဓါတ်ပုံများ၊
_c၁၆ စင်တီ။
500 _aS-SAT: Prof. Dr. Sai Aung Tun
650 _aအရှင်သုခမိန္ဒ
_xထေရုပ္ပတ္တိ
_954881
942 _2ddc
_cBK1
999 _c16682
_d16682